000 00635nam a2200169 a 4500
001 000042194
005 20201002040010.0
008 131119s1985 dr 000 0 spa d
040 _aDO-SdBNP
_bspa
_cBNPHU
082 _axxxx
_bxxxx
100 1 _aLockward, Antonio
_929214
245 1 0 _aJacques Viau :
_bpoeta de una isla y Madame Saga /
_cAntonio Lockward ; prólogo Arturo Jiménez Sabater.
260 _aSanto Domingo :
_bEdiciones CEDEE,
_c1985.
300 _a224 p. ;
_c19 cm.
505 0 _aMadame Saga --
_tPoemas de 63 de Jacques Viau --
_tPermanencia del llanto --
_tBiografía .
700 1 _aJiménez Sabater, Arturo,
_eprol.
_919037
999 _c41683
_d41683